The Museum Of Natural History Div - II (Record no. 583859)

MARC details
000 -LEADER
fixed length control field 00410nam a2200145Ia 4500
008 - FIXED-LENGTH DATA ELEMENTS--GENERAL INFORMATION
fixed length control field 100415s9999 xx 000 0 und d
082 ## - DEWEY DECIMAL CLASSIFICATION NUMBER
Item number 794
Classification number 574
100 ## - MAIN ENTRY--PERSONAL NAME
Personal name Richadson,J
245 ## - TITLE STATEMENT
Title The Museum Of Natural History Div - II
260 ## - PUBLICATION, DISTRIBUTION, ETC. (IMPRINT)
Place of publication, distribution, etc LONDON
Date of publication, distribution, etc 1803
Name of publisher, distributor, etc Wm Mackonzie
365 ## - TRADE PRICE
Price amount 0
630 ## - SUBJECT ADDED ENTRY--UNIFORM TITLE
Uniform title The Museum Of Natural History Div - II
730 ## - ADDED ENTRY--UNIFORM TITLE
Uniform title The Museum Of Natural History Div - II
942 ## - ADDED ENTRY ELEMENTS (KOHA)
Koha item type Book
Holdings
Withdrawn status Lost status Damaged status Not for loan Home library Current library Date acquired Cost, normal purchase price Total Checkouts Full call number Barcode Date last seen Price effective from Koha item type
        Bombay Natural History Society Bombay Natural History Society 02/20/1959 0.00   574 794 BNHS-794 04/15/2010 04/15/2010 Book